| 000 | 00953nam a2200229 a 4500 | ||
|---|---|---|---|
| 001 | 000041412 | ||
| 005 | 20201002034851.0 | ||
| 008 | 131002s2003 sp 001 0 spa d | ||
| 020 | _a8484831884 | ||
| 100 | 1 |
_aTorres, Alfonso de _968072 |
|
| 245 | 1 | 0 |
_aEjercicios de Retórica / _cAlfonso de Torres ; introducción, edición, crítica, traducción anotada, índices a cargo de Violeta Pérez Custodio ; prólogo de Luisa López Grigera. |
| 260 |
_aMadrid : _bInstituto de Estudios Hvmanisticos, _c2003. |
||
| 300 |
_a397 p. ; _c24 cm. |
||
| 490 | 1 |
_axtos y estudios humanísticos _atextos _v9 |
|
| 500 | _aIncluye índice | ||
| 504 | _aIncluye referencias bibliográficas y notas al pie de las páginas. | ||
| 700 | 1 |
_aLópez Grigera, Luisa _epról. _968073 |
|
| 700 | 1 |
_aPérez Custodio, Violeta _968074 |
|
| 710 | 2 |
_aInstituto de Estudios Hvmanisticos, _968075 |
|
| 830 | 0 |
_aTextos y estudios humanísticos _ptextos _v9 _968076 |
|
| 999 |
_c40902 _d40902 |
||
| 040 | _aDO-SdBNP | ||